000 00228nam a2200097Ia 4500
001 714671
005 20250826162910.0
008 250824s9999 xx 000 0 und d
245 0 _aVEDA
_cAYŞE KULİN
260 _bEVEREST YAYINLARI
999 _c714671
_d714671